<?xml version="1.0" encoding="UTF-8"?>
<record
    xmlns:xsi="http://www.w3.org/2001/XMLSchema-instance"
    xsi:schemaLocation="http://www.loc.gov/MARC21/slim http://www.loc.gov/standards/marcxml/schema/MARC21slim.xsd"
    xmlns="http://www.loc.gov/MARC21/slim">

  <leader>01356nam a2200193   4500</leader>
  <controlfield tag="001">ESSALUD</controlfield>
  <controlfield tag="007">ta</controlfield>
  <controlfield tag="008">      t2025    pe ||||| |||| 00| 0 spa d</controlfield>
  <datafield tag="040" ind1=" " ind2=" ">
    <subfield code="a">BMG</subfield>
  </datafield>
  <datafield tag="041" ind1=" " ind2=" ">
    <subfield code="a">spa</subfield>
  </datafield>
  <datafield tag="100" ind1=" " ind2=" ">
    <subfield code="a">Valderrama Valderrama, Luis Ricardo</subfield>
    <subfield code="e">autor</subfield>
    <subfield code="9">49171</subfield>
  </datafield>
  <datafield tag="245" ind1=" " ind2=" ">
    <subfield code="a">Participaci&#xF3;n en las utilidades: aspectos claves para su correcta aplicaci&#xF3;n</subfield>
  </datafield>
  <datafield tag="300" ind1=" " ind2=" ">
    <subfield code="a">p&#xE1;ginas 94-108</subfield>
  </datafield>
  <datafield tag="520" ind1=" " ind2=" ">
    <subfield code="a">Seg&#xFA;n el n&#xFA;mero de trabajadores que tengan, los empleadores est&#xE1;n obligados a distribuir las utilidades generadas por la empresa en el ejercicio anterior. Dado que esta obligaci&#xF3;n deber&#xE1; cumplirse pr&#xF3;ximamente, el presente informe resume los principales aspectos a considerar para garantizar el pago correcto de las utilidades en el a&#xF1;o 2025, evitando as&#xED; contingencias derivadas de c&#xE1;lculos err&#xF3;neos o incumplimientos normativos. En este sentido, se detallar&#xE1; en qu&#xE9; casos las empresas est&#xE1;n sujetas a la distribuci&#xF3;n de utilidades y las infracciones aplicables en caso de incumplimiento.</subfield>
  </datafield>
  <datafield tag="650" ind1=" " ind2=" ">
    <subfield code="a">LEGISLACI&#xD3;N LABORAL</subfield>
    <subfield code="9">43561</subfield>
  </datafield>
  <datafield tag="653" ind1=" " ind2=" ">
    <subfield code="a">PARTICIPACI&#xD3;N DE LOS TRABAJADORES</subfield>
  </datafield>
  <datafield tag="773" ind1="0" ind2=" ">
    <subfield code="0">19944</subfield>
    <subfield code="9">21910</subfield>
    <subfield code="d">Lima Gaceta Jur&#xED;dica Editores, 2007-</subfield>
    <subfield code="o">SOL014</subfield>
    <subfield code="t">Soluciones laborales : sistema integral de informaci&#xF3;n para abogados, jefes de recursos humanos, administradores y gerentes</subfield>
    <subfield code="w">ESSALUD</subfield>
    <subfield code="x">1996-3076</subfield>
  </datafield>
  <datafield tag="942" ind1=" " ind2=" ">
    <subfield code="c">ARTICULOS</subfield>
    <subfield code="e">2025-04-28</subfield>
    <subfield code="z">AFC</subfield>
  </datafield>
  <datafield tag="999" ind1=" " ind2=" ">
    <subfield code="c">21347</subfield>
    <subfield code="d">21347</subfield>
  </datafield>
</record>
